000 00623nam a2200193Ia 4500
003 GCL
008 140319s9999 xx 000 0 ara d
040 _aGCL /
_cGCL
082 0 4 _a229.7
_bف ت
100 1 _aفؤاد شاكر
245 1 0 _aتسالى الاسرة والاصدقاء: مسابقات مسامرات اطفال نوادر حكايات /
_cفؤاد شاكر
260 _a[S.N] :
_bمكتبة التراث الاسلامى ،
_c1992
300 _a154 ص
490 _a
650 0 4 _aفضائل القران
650 0 4 _aخواص واسرار القرأن
650 0 4 _aالقران
942 _2ddc
_cBK
999 _c54103
_d54103